| 000 | 01056cam a2200301 a 4500 | ||
|---|---|---|---|
| 001 | 16121651 | ||
| 003 | OSt | ||
| 005 | 20180116192418.0 | ||
| 008 | 100305s2011 enkab b 001 0 eng | ||
| 010 | _a 2010008403 | ||
| 020 | _a9780415553643 (hbk.) | ||
| 020 | _a9780203844434 (ebk) | ||
| 040 |
_aDLC _cDLC _dDLC |
||
| 050 | 0 | 0 |
_aHT165.5 _b.C647 2011 |
| 082 | 0 | 0 |
_a307.1216 _222 |
| 245 | 0 | 0 |
_aCompanion to Urban design / _cedited by Tridib Banerjee and Anastasia Loukaitou-Sideris. |
| 246 | 3 | 0 | _aUrban design |
| 260 |
_aLondon ; _aNew York : _bRoutledge, _c2011. |
||
| 300 |
_axxi, 709 p. : _bill., maps ; _c26 cm. |
||
| 504 | _aIncludes bibliographical references and index. | ||
| 650 | 0 |
_aCity planning. _96905 |
|
| 700 | 1 |
_aBanerjee, Tridib. _96906 |
|
| 700 | 1 |
_aLoukaitou-Sideris, Anastasia, _d1958- _96907 |
|
| 906 |
_a7 _bcbc _corignew _d1 _eecip _f20 _gy-gencatlg |
||
| 942 |
_2ddc _cREF |
||
| 999 |
_c353785 _d353785 |
||